| 000 | 00658nam a2200205 u 4500 | ||
|---|---|---|---|
| 005 | 20240228064205.0 | ||
| 008 | 150224s2001 ch r 000 0 spa d | ||
| 020 | _a9567602255 | ||
| 035 | _aUPN01000202045 | ||
| 049 | _aI | ||
| 050 | 4 |
_aQ182.3 _bE9.6 |
|
| 245 | 0 | 0 |
_aExperimenta con la ciencia / _ced. Alicia Manonellas Balladares ; il. Carlos Urquiza Moreno. |
| 260 |
_aSantiago : _bCal y Canto, _c2001. |
||
| 300 |
_a47 p. : _bil. col. |
||
| 650 | 4 |
_aCIENCIA - _xEXPERIMENTOS - _vLITERATURA INFANTIL _913449 |
|
| 650 | 4 |
_aLibros y lectura para niƱos _92290 |
|
| 700 | 1 |
_aManonellas Balladares, Alicia, _eed. |
|
| 905 | _aInfantil | ||
| 999 |
_c174146 _d174146 |
||